000 00906nam0a22002411 4500
001 rc\569674
005 20260408075658.0
035 _a(NLR Aleph) 005804019
090 _a5326538
_c5326538
100 _a20030616d1987 |||y0rusy50 ca
101 0 _arus
102 _aRU
105 _ay |||||||||
200 1 _aКонституция (Основной Закон) Союза Советских Социалистических Республик
_eПринята на внеочередной седьмой сес. Верховного Совета СССР девятого созыва, 7 окт. 1977 г.
210 _aРига
_cАвотс
_d1987
215 _a40, [2] с.
_d21
740 1 _aСССР
_tКонституция
_f1977
_3RU\NLR\AUTH\8810079986
_9662108
801 0 _aRU
_bNLR
_gpsbo
801 1 _aRU
_bELAR
_2rusmarc
852 _aNLR
_j87-4/2084
942 _cBOOK
980 _aNB